Antonius a Kleopatra

Bibliographic Details
Main Author: Moix, Terenci, 1942-2003 (Author)
Other Authors: Biskupičová, Marta (prekladateľka) (Translator)
Format: Book
Language:Slovak
Spanish
PhysicalDescription:328 s. 20 cm
Published: Bratislava Danubiapress 1992
ISBN:8021800410
Edition:1. vyd.
Subjects:

MARC

LEADER 00000cam a2200000 a 4500
001 vtls001068209
003 SK-MaSNL
005 20260301000341.0
008 160314s1992 xo g 0000f slo
015 |a SNBA1992/06 
020 |a 8021800410 
035 |a SNK000011039 
040 |a SNK  |b slo  |c SNK  |e AACR2 
041 1 |a slo  |h spa 
044 |a xo  |c SK 
080 |a 860-3  |2 1981 
100 1 |a Moix, Terenci,  |d 1942-2003  |4 aut  |9 179313 
245 1 0 |a Antonius a Kleopatra  |c Terenci Moix ; preložila Marta Biskupičová 
250 |a 1. vyd. 
260 |a Bratislava  |b Danubiapress  |c 1992  |e Bratislava  |f Danubiaprint 
300 |a 328 s.  |c 20 cm 
500 |a Preložené zo španielčiny 
655 7 |a španielske romány  |2 SNKPH  |9 70539 
655 7 |a historické romány  |2 SNKPH  |9 70253 
700 1 |a Biskupičová, Marta  |c (prekladateľka)  |4 trl  |9 8617 
919 |a 80-218-0041-0 
958 |a LX 
958 |a TL 
958 |a UP 
999 |c 532467  |d 534397 
952 |t P60, <04>, [BOOK], {605}  |a SNK  |b SNK  |y VYP  |7 0  |p 17A0051616  |o snkSD 64229 D1  |0 0  |1 0  |4 0  |d 1997-03-01  |l 0  |r 2004-12-31 00:00:00  |w 2026-02-23 
952 |a SNK  |b SNK  |y PREZ  |7 0  |p 17A1044841  |o snkSD 64229   |0 0  |1 0  |4 0  |d 2013-08-21  |l 0  |r 2026-02-23 12:12:36  |w 2026-02-23